Na trasoviskách moci

Bibliographic Details
Main Authors: Čahojová-Bernátová, Božena, 1949- (Author), Pražmári, Jozef, 1943- (Author)
Format: Article
Language:Slovak
PhysicalDescription:Fotogr. 1
ISSN:0862-8823
Subjects:

MARC

LEADER 00000nab a2200000 a 4500
001 vtls000610796
003 SK-MaSNL
005 20260304010422.0
008 140301c1995 xo 0 slo
015 |a SNBRB19rr/mm-uuuuu 
035 |a CL0610935 
040 |a SNKBUCL  |b slo  |c SNKBUCL  |e AACR2 
041 0 |a slo 
044 |a xo  |c SK 
080 |a 792.2  |2 1981 
100 1 |a Čahojová-Bernátová, Božena,  |d 1949-  |4 aut  |9 117861 
245 1 0 |a Na trasoviskách moci  |c Božena Čahojová 
300 |b Fotogr. 1 
500 |a Réžia Jozef Pražmári 
600 1 7 |a Schiller, Friedrich,  |d 1759-1805  |t Mária Stuartová  |2 snkbucl  |9 167905 
610 2 7 |a Divadlo Jonáša Záborského  |2 snkbucl  |9 29722 
655 7 |a recenzie  |2 snkbucl  |9 21907 
655 7 |a články z novín a časopisov  |2 snkbucl  |9 267496 
700 1 |a Pražmári, Jozef,  |d 1943-  |4 aut  |9 122282 
773 0 |t Teatro  |g Roč. 1, č. 4 (1995), s. 16-18  |x 0862-8823 
850 |a Slovenská národná knižnica v Martine  |a MTA001 
852 |a SNK  |b KIS3GCP 
958 |a SK 
958 |a NX 
958 |a RK 
992 |a RBX 
999 |c 2560880  |d 2562810